000 00380nam a2200145Ia 4500
008 100122s9999 xx 000 0 und d
082 _b48025
_a823.08
100 _aमिरासदार द मा
245 _aफुकट
260 _bसुयोग प्रकाशन
_c1993
300 _a160
630 _aफुकट
730 _aफुकट
942 _cBOOK
999 _c426747
_d426744